000 01239nam a22001817a 4500
003 OSt
005 20210414114559.0
008 180416b xxu||||| |||| 00| 0 eng d
020 _a0761513892
050 _aQA76.9.C55 T35
100 _aTalmage, Roland R.
245 _aMicrosoft SQL server 7.0: administrator's guide. /
_cRonald R. Talmage.
260 _aCalifornia :
_bPrima Publishing,
_c1999.
300 _axxiv, 770p. :
_bill. ;
_c24cm.
500 _aInclude appendixes and index.
505 _aContents: Part 1: SQL server 7.0 overview: 1. Background -- 2. Architecture -- Part 2: Setting up SQL server 7.0: 3. Installing -- 4. Upgrading -- 5. Configuring -- 6. Connectivity -- Part 3: Administration: 7. Managing databases -- 8.Backup and restore -- 9. Security -- 10. Importing and exporting -- 11. SQL server agent -- Part 4: Managing data: 12. Data definition -- 13. Data manipulation -- 14. English query -- 15. Basics of transact-SQL programming -- 16. Transactions -- 17. Stored procedures -- 18. Triggers -- Part 5: Performance: 19. Tuning queries -- 20. Concurrency tools -- 21. Profiler -- 22. Database load testing -- Part 6: Intergration: 23. Distribution data -- 24. Replication -- 25. OLAP services.
942 _2lcc
_cBK
999 _c6557
_d14057